[Event "Match"]
[Site "www.echecsemail.com"]
[Date "2016.08.29"]
[Round "1"]
[White "Libiesse"]
[Black "Ditto"]
[WhiteElo "1970"]
[BlackElo "1850"]
[Result "1-0"]
[Round "1"]
1.d4 d5
2.c4 dxc4
3.Nb1c3 Bc8f5
4.Ng1f3 e6
5.e4 Bf5g4
6.Bf1xc4 Bf8b4
7.Bc1e3 Ng8e7
8.O-O O-O
9.Qd1b3 Nb8c6
10.a3 Bb4xc3
11.Qb3xc3 Ra8b8
12.h3 Bg4h5
13.b4 Qd8d7
14.Qc3b3 Bh5xf3
15.gxf3 Ne7g6
16.Kh2 Qd7e7
17.Rf1g1 Ng6h4
18.Bc4e2 Qe7f6
19.Rg1g3 Nc6xd4
20.Be3xd4 Qf6e7
21.Rg3xg7 Kh8
22.Rg7xf7 Kg8
23.Rf7xe7 Nh4g6
24.Qb3xe6 { resign }
1-0

[Event "1/128 Finale"]
[Site "www.chess-mail.com"]
[Date "2016.08.29"]
[Round "1"]
[White "Madz123456"]
[Black "Papaours"]
[WhiteElo "1940"]
[BlackElo "1499"]
[Result "0-1"]
[Round "1"]
1.e4 c5
2.c3 Ng8f6
3.e5 Nf6d5
4.Ng1f3 Nb8c6
5.Bf1c4 Nd5b6
6.Bc4e2 d6
7.exd6 e5
8.d4 cxd4
9.cxd4 e4
10.Nf3g5 Bf8xd6
11.Ng5xe4 Bd6b4
12.Nb1c3 Qd8xd4
13.O-O O-O
14.Bc1e3 Qd4e5
 { time }
0-1

[Event "1/128 Finale"]
[Site "www.chess-mail.com"]
[Date "2016.08.29"]
[Round "1"]
[White "Papaours"]
[Black "Guidom"]
[WhiteElo "1499"]
[BlackElo "2030"]
[Result "1-0"]
[Round "1"]
1.e4 e5
2.Nb1c3 Nb8c6
3.f4 exf4
4.d4 Qd8h4
5.Ke2 g5
6.Nc3d5 Kd8
7.Ng1f3 Qh4h6
8.Kf2 g4
9.Bc1xf4 Qh6g6
10.Nf3e5 Nc6xe5
11.Bf4xe5 f6
12.Be5xc7 Ke8
13.Bf1d3 Qg6g7
14.Rh1e1 Ng8e7
15.Qd1e2 Ne7c6
16.c3 d6
17.b4 a6
18.a4 Nc6e7
19.Bc7xd6 Kd8
20.Nd5b6 Ra8a7
21.Bd6b8 Ne7c6
22.Bb8xa7 Nc6xa7
23.Nb6xc8 Na7xc8
24.Kg1 h5
25.e5 fxe5
26.Qe2xe5 Qg7xe5
27.Re1xe5 Bf8d6
28.Re5e2 Nc8b6
29.b5 a5
30.c4 Bd6b4
31.Re2e6 Bb4c3
32.Ra1d1 Bc3xd4
33.Kh1 Bd4f2
34.Bd3f5 Kc7
35.Re6e7 Kb8
36.Bf5e4 Rh8f8
37.g3 Bf2c5
38.Re7xb7 Kc8
39.Rb7h7 Nb6xa4
40.Rh7xh5 Bc5b6
41.Be4f5 Kb8
42.Bf5xg4 Na4c3
43.Rd1e1 a4
44.Rh5h6 Bb6d4
45.Rh6a6 Bd4c5
46.Re1a1 a3
47.Ra6xa3 Bc5xa3
48.Ra1xa3 Nc3e4
49.h3 Rf8f1
50.Kg2 Rf1f2
51.Kg1 Rf2c2
52.Bg4f5 Rc2xc4
53.Bf5xe4 Rc4xe4
54.Ra3b3 Kb7
55.Kf2 Kb6
56.h4 Re4e8
57.g4 Kc5
58.b6 Kc4
59.Rb3b1 Re8f8
60.Kg3 { resign }
1-0

[Event "Fast Game"]
[Site "www.echecsemail.com"]
[Date "2016.08.29"]
[Round "1"]
[White "Robroy"]
[Black "4m6az"]
[WhiteElo "1599"]
[BlackElo "1599"]
[Result "0-1"]
[Round "1"]
1.d4 d5
2.c4 Bc8f5
3.cxd5 Bf5xb1
4.Qd1a4 c6
5.Ra1xb1 Qd8xd5
6.Ng1f3 a5
7.e3 b5
8.Qa4d1 Qd5xa2
9.Bf1d3 Nb8d7
10.O-O Qa2d5
11.Rb1a1 e6
12.e4 Qd5h5
13.h3 e5
14.Bc1e3 exd4
15.Be3xd4 Ng8f6
16.Qd1e2 Bf8e7
17.e5 Nf6d5
18.e6 fxe6
19.Nf3e5 Qh5xe2
20.Bd3xe2 Nd5f4
21.Ra1e1 Nf4xe2
22.Re1xe2 Be7f6
23.Ne5xc6 O-O
24.Re2xe6 Kh8
25.Rf1d1 Bf6xd4
26.Nc6xd4 b4
27.Re6e7 Nd7c5
28.Nd4e6 Nc5xe6
29.Re7xe6 a4
30.Rd1a1 a3
31.Ra1a2 b3
32.Ra2xa3 Ra8xa3
33.bxa3 Rf8b8
34.Re6e1 Rb8a8
35.Re1b1 Ra8xa3
36.Kh2 Kg8
37.Rb1b2 Kf7
38.f4 Ke6
{ resign }
0-1

[Event "Tourn. n8905"]
[Site "www.chess-mail.com"]
[Date "2016.08.30"]
[Round "1"]
[White "Jhzes"]
[Black "Madz123456"]
[WhiteElo "1810"]
[BlackElo "2020"]
[Result "1-0"]
[Round "1"]
1.d4 d5
2.Bc1f4 c5
3.Bf4xb8 Ra8xb8
4.dxc5 e6
5.Qd1d4 Ng8e7
6.e4 Ne7c6
7.Bf1b5 Qd8a5
8.Nb1c3 Qa5xb5
9.Nc3xb5 Nc6xd4
10.Nb5xd4 dxe4
11.Nd4b3 Bc8d7
12.a4 f5
13.Ng1e2 Bf8e7
14.Ne2d4 Kf7
15.Nd4b5 Bd7c6
16.Nb5xa7 Bc6d5
17.O-O Bd5xb3
18.cxb3  { time }
1-0

[Event "Tourn. n8887"]
[Site "www.chess-mail.com"]
[Date "2016.08.30"]
[Round "1"]
[White "Madz123456"]
[Black "Conde7"]
[WhiteElo "2280"]
[BlackElo "2850"]
[Result "0-1"]
[Round "1"]
1.e4 c5
2.Nb1c3 Nb8c6
3.Ng1f3 e5
4.Bf1c4 Bf8e7
5.d3 d6
6.O-O Ng8f6
7.Nf3g5 O-O
8.f4 a6
9.Ng5f3 b5
10.Bc4d5 Bc8b7
11.fxe5 dxe5
12.Bc1e3 Nf6xd5
13.Nc3xd5 Nc6d4
14.c4 bxc4
15.dxc4 Qd8d6
16.Qd1d3 a5
17.Ra1e1 Rf8b8
18.Kh1 Bb7xd5
19.exd5 Nd4xf3
20.gxf3 Rb8xb2
 { time }
0-1

[Event "Tourn. n8906"]
[Site "www.chess-mail.com"]
[Date "2016.08.30"]
[Round "1"]
[White "Osopanda"]
[Black "Vasylpuzanov"]
[WhiteElo "2000"]
[BlackElo "2080"]
[Result "1-0"]
[Round "1"]
1.Ng1f3 d5
2.c4 c6
3.cxd5 cxd5
4.d4 Nb8c6
5.Nb1c3 Ng8f6
6.h3 Bc8f5
7.g4 Bf5e4
8.Bf1g2 e6
9.O-O Bf8d6
10.Bc1g5 h6
11.Bg5e3 O-O
12.Nc3xe4 Nf6xe4
{ time. }
1-0

[Event "Tourn. n8890"]
[Site "www.chess-mail.com"]
[Date "2016.08.30"]
[Round "1"]
[White "Fabos12"]
[Black "Bojan"]
[WhiteElo "1940"]
[BlackElo "2000"]
[Result "1-0"]
[Round "1"]
1.Ng1f3 b6
2.d4 h6
3.c4 Bc8b7
4.Nb1c3 e6
5.Bc1f4 c6
6.e4 g5
7.Bf4e5 f6
8.Be5g3 Ng8e7
9.Nf3d2 Bf8g7
10.Qd1h5 Kf8
11.Bg3d6 Kg8
12.h4 Ne7c8
13.Bd6g3 d5
14.e5 Nc8e7
15.Qh5f3 Ne7f5
16.hxg5 Nf5xg3
17.fxg3 fxg5
18.Bf1d3 Nb8d7
19.O-O-O Qd8e7
20.Rd1f1 Ra8f8
21.Qf3h5 a6
22.Bd3g6 c5
23.Nc3e2 dxc4
24.Nd2xc4 Bb7xg2
25.Rf1xf8 Qe7xf8
26.Rh1g1 Bg2f1
27.Nc4d6 Rh8h7
28.Bg6f7 Kh8
29.Rg1xf1 cxd4
30.Ne2xd4 Nd7xe5
31.Nd6e8 Qf8c5
32.Nd4c2 Ne5d3
33.Kb1 Qc5e5
34.Nc2d4 Qe5xd4
35.Qh5e2 Bg7e5
36.Bf7g6 Nd3f4
37.gxf4 gxf4
38.Bg6xh7 Kxh7
39.Rf1d1 Qd4c5
40.Rd1d7 Kg6
41.Qe2g4 
1-0

[Event "Tourn. n8911"]
[Site "www.chess-mail.com"]
[Date "2016.08.30"]
[Round "1"]
[White "Madz123456"]
[Black "Picifarkinca"]
[WhiteElo "1940"]
[BlackElo "2000"]
[Result "0-1"]
[Round "1"]
1.e4 e5
2.Ng1f3 Nb8c6
3.Bf1b5 a6
4.Bb5a4 Ng8f6
5.O-O b5
6.Ba4b3 d6
7.h3 Bf8e7
8.a4 Bc8b7
9.d3 O-O
10.Bc1e3 Nc6a5
11.Bb3a2 c5
12.Nb1c3 b4
 { time }
0-1

[Event "Tourn. n8886"]
[Site "www.chess-mail.com"]
[Date "2016.08.30"]
[Round "1"]
[White "Bira47"]
[Black "Madz123456"]
[WhiteElo "2000"]
[BlackElo "2280"]
[Result "1-0"]
[Round "1"]
1.c4 e5
2.g3 c6
3.Bf1g2 Ng8f6
4.a3 d5
5.cxd5 cxd5
6.b4 Bf8d6
7.Bc1b2 O-O
8.h3 Qd8b6
9.e3 Nb8c6
10.Ng1e2 a5
11.O-O Bc8d7
12.d4 e4
13.Ne2f4 axb4
14.axb4 Nc6xb4
15.Nb1c3 Bd6xf4
16.gxf4 Nb4d3
17.Qd1c2 Qb6xb2
18.Qc2xb2 Nd3xb2
19.Ra1xa8  { time }
1-0

[Event "Tourn. n8830"]
[Site "www.chess-mail.com"]
[Date "2016.08.30"]
[Round "1"]
[White "Gatrooper"]
[Black "Ditto"]
[WhiteElo "1630"]
[BlackElo "1760"]
[Result "0-1"]
[Round "1"]
1.e4 e5
2.a3 Nb8c6
3.Ng1f3 Bf8c5
4.d3 d6
5.Bc1e3 Bc8g4
6.h3 Bg4d7
7.Be3xc5 dxc5
8.Nb1c3 Ng8f6
9.Nf3g5 Bd7e6
10.Bf1e2 O-O
11.Nc3b5 a6
12.Nb5c3 Nc6d4
13.h4 Qd8d7
14.h5 h6
15.Ng5xe6 Qd7xe6
16.Nc3d5 Nf6xd5
17.exd5 Qe6xd5
18.Be2f3 Nd4xf3
19.gxf3 Qd5d8
20.Rh1g1 Qd8h4
21.Qd1e2 Qh4xh5
22.O-O-O Qh5f5
23.Kb1 b5
24.Qe2e3 c4
25.Qe3xh6 Qf5h7
26.Qh6xh7 Kxh7
27.Rg1h1 Kg6
28.Rd1g1 Kf6
29.Rh1h2 Ra8d8
30.dxc4 bxc4
31.Rh2g2 g6
32.b3 cxb3
33.cxb3 Rd8b8
34.b4 a5
35.Rg2g4 axb4
36.a4 b3
37.Kb2 Rf8d8
38.Ka3 Rd8d3
39.Kb2 Rd3d2
40.Kc3 Rd2xf2
41.Rg4b4 Rf2xf3
42.Kc4 Rf3f4
43.Kxb3 Rb8xb4
44.Kc3 Rb4xa4
45.Rg1d1 Rf4d4
46.Rd1f1 Ke6
47.Rf1h1 Ra4a3
48.Kb2 Ra3f3
49.Rh1c1 Kd6
50.Rc1c2 c5
51.Rc2c3 Rf3xc3
52.Kxc3 Kd5
{ resign }
0-1

[Event "Tourn. n8917"]
[Site "www.chess-mail.com"]
[Date "2016.08.30"]
[Round "1"]
[White "Bojan"]
[Black "Madz123456"]
[WhiteElo "1910"]
[BlackElo "1940"]
[Result "1-0"]
[Round "1"]
1.b4 d5
2.b5 a6
3.e3 axb5
4.Bf1xb5 Bc8d7
5.Qd1e2 c6
6.Bb5d3 e5
7.c4 Ng8f6
8.Bc1b2 Bf8d6
9.Nb1c3 O-O
10.cxd5 cxd5
11.e4 Nb8c6
12.exd5 Nc6d4
13.Qe2d1 Rf8e8
14.Nc3e4 Nf6xe4
15.Bd3xe4  { time }
1-0

[Event "Tourn. n8914"]
[Site "www.chess-mail.com"]
[Date "2016.08.30"]
[Round "1"]
[White "Madz123456"]
[Black "Biggles"]
[WhiteElo "1940"]
[BlackElo "2090"]
[Result "0-1"]
[Round "1"]
1.c4 e5
2.Nb1c3 Ng8f6
3.Ng1f3 Nb8c6
4.g3 d5
5.cxd5 Nf6xd5
6.Bf1g2 Bc8e6
7.O-O Bf8c5
8.Nf3xe5 Nd5xc3
9.Bg2xc6 bxc6
10.dxc3 Qd8f6
11.Bc1f4 Ra8d8
12.Qd1a4 Be6d5
13.e4 O-O
14.exd5 cxd5
15.Ne5d7 Qf6e7
 { time }
0-1

[Event "Tourn. n8828"]
[Site "www.chess-mail.com"]
[Date "2016.08.30"]
[Round "1"]
[White "Emiondi"]
[Black "Madz123456"]
[WhiteElo "2170"]
[BlackElo "2240"]
[Result "1-0"]
[Round "1"]
1.d4 Ng8f6
2.c4 e6
3.Nb1c3 Bf8b4
4.Bc1g5 c5
5.d5 h6
6.Bg5h4 d6
7.e3 exd5
8.cxd5 Nb8d7
9.Bf1d3 Nd7e5
10.Ng1e2 O-O
11.O-O Ne5g6
12.Bh4g3 Nf6h5
13.f4 Nh5xg3
14.Ne2xg3 f5
15.Qd1c2 Ng6e7
16.e4 Qd8c7
17.a3 Bb4xc3
18.Qc2xc3 fxe4
19.Bd3xe4 Bc8f5
20.Ng3xf5 Ne7xf5
21.Be4xf5 Rf8xf5
22.Ra1d1 Qc7f7
23.Qc3c4 b5
24.Qc4xb5 Rf5xf4
25.Qb5c6 Ra8f8
26.Qc6b5  { time }
1-0

[Event "Tourn. n8854"]
[Site "www.chess-mail.com"]
[Date "2016.08.30"]
[Round "1"]
[White "Julian"]
[Black "Pwain"]
[WhiteElo "2070"]
[BlackElo "2220"]
[Result "0-1"]
[Round "1"]
1.e4 e5
2.Ng1f3 Nb8c6
3.Bf1b5 a6
4.Bb5a4 d6
5.c3 Ng8f6
6.d3 Bf8e7
7.O-O O-O
8.h3 b5
9.Ba4c2 d5
10.exd5 Qd8xd5
11.Nb1d2 Bc8f5
12.Nd2e4 Ra8d8
13.Bc1g5 Qd5e6
14.Rf1e1 Bf5xe4
15.Bg5xf6 Be4xf3
16.Qd1xf3 Qe6xf6
17.Qf3e4 Qf6g6
18.d4 f5
19.Qe4e2 e4
20.Ra1d1 Be7f6
21.f3 Bf6h4
22.Re1f1 Rd8e8
23.fxe4 Qg6g5
24.e5 f4
25.Qe2e4 Qg5h6
26.Rd1d3 Bh4g3
27.Bc2b3 Kh8
28.Bb3d5 Nc6d8
29.Rd3f3 g5
30.Bd5b3 Qh6g6
31.Bb3c2 Qg6xe4
32.Bc2xe4 Kg7
33.b3 h5
34.c4 g4
35.hxg4 hxg4
36.Rf3d3 b4
37.Rf1a1 Re8e6
38.Kf1 Rf8h8
39.Ke2 f3
40.gxf3 Rh8h2
41.Ke3 Bg3f2
42.Kf4 g3
43.d5 Rh2h4
44.Kf5 Re6h6
{ resign }
0-1

[Event "Tourn. n8916"]
[Site "www.chess-mail.com"]
[Date "2016.08.30"]
[Round "1"]
[White "Madz123456"]
[Black "Jhzes"]
[WhiteElo "1940"]
[BlackElo "1970"]
[Result "0-1"]
[Round "1"]
1.d4 c6
2.c4 e5
3.dxe5 Qd8a5
4.Nb1c3 Qa5xe5
5.Ng1f3 Qe5c5
6.Bc1f4 Qc5xc4
7.e4 Qc4b4
8.Qd1c2 f6
9.O-O-O Bf8c5
10.a3 Qb4a5
11.e5 Bc5e7
12.Bf1c4 Be7xa3
13.Rh1e1 Ba3e7
 { time }
0-1

[Event "Tourn. n8882"]
[Site "www.chess-mail.com"]
[Date "2016.08.30"]
[Round "1"]
[White "B0zata"]
[Black "Jesmantiz"]
[WhiteElo "2280"]
[BlackElo "2150"]
[Result "0-1"]
[Round "1"]
1.c4 f5
2.d4 d6
3.Ng1f3 g6
4.Nb1c3 Ng8f6
5.Bc1g5 Nb8d7
6.g3 Bf8g7
7.e3 O-O
8.Bg5xf6 Nd7xf6
9.Bf1g2 c6
10.O-O Qd8e8
11.Rf1e1 e5
12.dxe5 dxe5
13.Qd1c2 e4
14.Nf3d4 a6
15.Ra1d1 Qe8f7
16.b3 c5
17.Nd4e2 Bc8d7
18.Nc3d5 Bd7c6
19.Ne2f4 Ra8d8
20.Rd1d2 Nf6d7
21.Re1d1 Nd7e5
22.h4 h6
23.Nd5c3 Rd8xd2
24.Rd1xd2 g5
25.hxg5 hxg5
26.Nf4d5 Rf8e8
27.Qc2d1 g4
28.Nd5f4 Ne5f3
29.Bg2xf3 exf3
30.Nc3d5 Bg7e5
31.Qd1c2 Kg7
32.e4 fxe4
33.Qc2xe4 Be5c3
34.Qe4d3 Re8e1
35.Kh2 Bc3xd2
36.Qd3xd2 Qf7e8
37.Qd2c3 Qe8e5
38.Qc3xe5 Re1xe5
39.Nd5e3 Bc6d7
40.Kg1 Kh6
41.Kf1 b5
42.cxb5 axb5
43.a4 Kg5
44.axb5 Bd7xb5
45.Ke1 Re5e4
46.Kd2 Re4d4
47.Kc2 Rd4xf4
48.gxf4 Kxf4
49.Ne3d5 Ke5
50.Nd5e3 Kf4
51.Ne3d5 Kg5
52.Kd2 Bb5c6
53.Nd5e3 Bc6e4
54.Kc3 Kf4
55.Ne3f1 Be4d5
56.Nf1g3 Kg5
57.Ng3f1 Kh4
58.Nf1e3 Bd5e6
59.b4 cxb4
60.Kxb4 g3
61.fxg3 Kxg3
62.Kc3 f2
63.Kd2 Kf3
64.Kd3 Be6h3
65.Kd2 Bh3d7
66.Ne3f1 Bd7b5
67.Nf1h2 Kg3
68.Ke3 Bb5a6
{ resign }
0-1

[Event "Tourn. n8875"]
[Site "www.chess-mail.com"]
[Date "2016.08.30"]
[Round "1"]
[White "Roserl"]
[Black "Pwain"]
[WhiteElo "2170"]
[BlackElo "2240"]
[Result "0-1"]
[Round "1"]
1.e4 e5
2.Ng1f3 Nb8c6
3.Bf1b5 a6
4.Bb5a4 d6
5.d4 b5
6.Ba4b3 Nc6xd4
7.Nf3xd4 exd4
8.Qd1xd4 c5
9.Bb3xf7 Kxf7
10.Qd4d5 Bc8e6
11.Qd5h5 g6
12.Qh5f3 Ng8f6
13.O-O Bf8g7
14.Bc1g5 h6
15.Bg5h4 Rh8f8
16.Nb1c3 Kg8
17.Qf3d3 Be6c4
18.Qd3g3 Bc4xf1
19.Kxf1 g5
20.Bh4xg5 hxg5
21.Qg3xg5 b4
22.Nc3d1 Qd8e8
{ resign }
0-1

[Event "Tourn. n8901"]
[Site "www.chess-mail.com"]
[Date "2016.08.30"]
[Round "1"]
[White "Julian"]
[Black "Vasylpuzanov"]
[WhiteElo "2070"]
[BlackElo "2080"]
[Result "1-0"]
[Round "1"]
1.e4 c5
2.Ng1f3 d6
3.c3 Nb8c6
4.d4 cxd4
5.cxd4 e6
6.Nb1c3 Ng8f6
7.Bc1g5 Bf8e7
8.Bf1b5 Bc8d7
9.O-O O-O
10.Rf1e1 a6
11.Bb5a4 b5
12.Ba4c2 h6
13.Bg5h4 Nf6e8
14.Bh4xe7 Nc6xe7
15.e5 d5
16.Qd1d3 g6
{ time. }
1-0

[Event "Tourn. n8936"]
[Site "www.chess-mail.com"]
[Date "2016.08.30"]
[Round "1"]
[White "Jackbauer"]
[Black "Bigrezi"]
[WhiteElo "1900"]
[BlackElo "1830"]
[Result "1-0"]
[Round "1"]
1.e4 c5
2.f4 e6
3.Ng1f3 Nb8c6
4.Nb1c3 d5
5.e5 Ng8e7
6.Nc3b5 a6
7.Nb5d6 Kd7
8.Nd6xf7 { resign }
1-0

[Event "Tourn. n8918"]
[Site "www.chess-mail.com"]
[Date "2016.08.30"]
[Round "1"]
[White "B0zata"]
[Black "Guidom"]
[WhiteElo "2290"]
[BlackElo "2030"]
[Result "1-0"]
[Round "1"]
1.d4 d5
2.Bc1f4 c6
3.Ng1f3 Bc8f5
4.e3 e6
5.Bf1d3 Bf5g4
6.h3 Bg4h5
7.g4 Bh5g6
8.Bd3xg6 hxg6
9.Nb1d2 Bf8d6
10.Bf4e5 f6
11.Be5xd6 Qd8xd6
12.Qd1e2 g5
13.c4 Qd6b4
14.cxd5 exd5
15.O-O-O Nb8a6
16.Nd2b3 O-O-O
17.Kb1 Ng8e7
18.Qe2d3 Qb4c4
19.Qd3d2 Qc4b4
20.Qd2c2 Kb8
21.Rd1c1 Qb4d6
22.a3 Rd8e8
23.Qc2e2 Ne7g6
24.Qe2d3 Ng6h4
25.Nf3xh4 gxh4
26.Qd3g6 Qd6e7
27.Rc1c2 Qe7e4
28.Qg6xe4 Re8xe4
29.Nb3d2 Re4e7
30.Rc2c3 Na6c7
31.a4 Rh8e8
32.Nd2f3 g5
33.Rh1c1 a6
34.Nf3d2 Nc7a8
35.Nd2b3 Na8b6
36.Nb3c5 Nb6c4
37.b3 Nc4d2
38.Kb2 Nd2e4
39.Nc5xe4 Re7xe4
40.Rc1g1 Re8e6
41.b4 b5
42.a5 Kb7
43.Kc2 Re6d6
44.Kd2 Re4e8
45.Rg1f1 Re8e7
46.f4 Kc7
47.fxg5 fxg5
48.Rf1f5 Re7g7
49.Rc3c1 Rd6d7
50.Rf5f6 Rd7d6
51.Rc1f1 Rd6xf6
52.Rf1xf6 Kd7
53.Kd3 Kc7
54.e4 dxe4
55.Kxe4 Rg7e7
56.Kf5 Re7e3
57.Kxg5 Re3xh3
58.Rf6h6 Rh3d3
59.Kxh4 Rd3xd4
60.Kh5 Rd4xb4
61.g5 Rb4b1
62.g6 Rb1h1
63.Kg5 Rh1g1
64.Kf6 Rg1f1
65.Ke7 Rf1e1
66.Kf7 Re1f1
67.Kg8 b4
68.g7 b3
69.Rh6h2 Rf1g1
70.Rh2b2 Rg1g3
71.Kf7 c5
72.Rb2xb3 Rg3xb3
73.g8Q Rb3b5
74.Qg8g3 Kc6
75.Qg3g6 Kb7
76.Qg6e4 Ka7
77.Qe4e7 Ka8
78.Qe7d8 Kb7
79.Ke6 Rb5b4
80.Qd8d5 Kb8
81.Qd5xc5 Rb4b5
82.Qc5c6 Ka7
83.Kd6 Rb5b7
84.Qc6c8 Rb7b8
85.Qc8c5 Ka8
86.Qc5c6 Ka7
87.Kc7 Rb8b5
88.Kd6 Rb5b7
89.Qc6c5 Ka8
90.Kc6 Rb7b8
91.Qc5d5 Ka7
92.Kc7 Rb8c8
93.Kd7 Rc8c7
94.Kd6 Rc7b7
95.Qd5c5 Ka8
96.Qc5e3 Rb7b5
97.Kc6 Rb5b8
98.Kc5 Rb8b5
99.Kc4 Rb5b7
100.Qe3e6 Ka7
101.Kc5 Rb7b5
102.Kc6 Ka8
103.Qe6c8 Ka7
104.Qc8c7 Ka8
105.Kd6 Rb5b7
106.Qc7c4 Ka7
107.Qc4c8 Rb7b8
108.Qc8c5 Ka8
109.Qc5c4 Rb8b5
110.Kd7 Ka7
111.Kc6 Rb5b7
112.Qc4e6 Rb7b5
113.Qe6d7 Ka8
114.Kd6 Rb5b7
115.Qd7e6 Rb7b5
116.Qe6e4 Ka7
117.Kc7 Rb5c5
118.Kd6 Rc5b5
119.Qe4c6 Rb5b7
120.Qc6g2 Rb7b5
121.Kc7 Rb5c5
122.Kd7 Rc5c7
123.Kd6 Rc7b7
124.Qg2c6 Rb7b8
125.Kd7 Rb8b7
126.Kd6 Rb7b5
127.Kc7 Rb5b8
128.Qc6b6 Rb8xb6
129.axb6 Ka8
130.b7 Ka7
131.b8Q 
1-0

[Event "Tourn. n8910"]
[Site "www.chess-mail.com"]
[Date "2016.08.30"]
[Round "1"]
[White "Madz123456"]
[Black "Fabos12"]
[WhiteElo "1940"]
[BlackElo "1950"]
[Result "0-1"]
[Round "1"]
1.Ng1f3 c5
2.e4 Nb8c6
3.Nb1c3 e5
4.Bf1c4 h6
5.b4 cxb4
6.Nc3d5 a5
7.Bc1b2 d6
8.d4 Bc8g4
9.h3 Bg4h5
 { time }
0-1

[Event "Tourn. n8862"]
[Site "www.chess-mail.com"]
[Date "2016.08.30"]
[Round "1"]
[White "Madz123456"]
[Black "Kampungboy"]
[WhiteElo "2270"]
[BlackElo "2220"]
[Result "0-1"]
[Round "1"]
1.e4 c5
2.c3 Ng8f6
3.e5 Nf6d5
4.Ng1f3 Nb8c6
5.d4 cxd4
6.cxd4 d6
7.Bf1c4 Nd5b6
8.Bc4b5 dxe5
9.Nf3xe5 Bc8d7
10.Bb5xc6 Bd7xc6
11.O-O e6
12.Nb1c3 Bf8e7
13.Ne5xc6 bxc6
14.Bc1f4 O-O
15.Ra1c1 Be7f6
16.Bf4e5 Bf6xe5
17.dxe5 Nb6d5
 { time }
0-1

[Event "Tourn. n8909"]
[Site "www.chess-mail.com"]
[Date "2016.08.30"]
[Round "1"]
[White "Frisker"]
[Black "Marbachess"]
[WhiteElo "2280"]
[BlackElo "2630"]
[Result "0-1"]
[Round "1"]
1.d4 f5
2.Ng1f3 Ng8f6
3.g3 g6
4.Bf1g2 Bf8g7
5.O-O O-O
6.c4 d6
7.Qd1b3 c6
8.Rf1d1 Qd8b6
9.Qb3a3 Qb6a6
10.Qa3d3 Nb8d7
11.Nb1c3 e5
12.dxe5 dxe5
13.e4 Nd7c5
14.Qd3e2 Nc5xe4
15.Nc3xe4 fxe4
16.Nf3d2 Bc8g4
17.f3 Qa6b6
18.Kh1 exf3
19.Bg2xf3 Bg4xf3
20.Qe2xf3 Qb6d4
{ resign }
0-1

[Event "Tourn. n8942"]
[Site "www.chess-mail.com"]
[Date "2016.08.30"]
[Round "1"]
[White "4m6az"]
[Black "Nulladies"]
[WhiteElo "1809"]
[BlackElo "1810"]
[Result "1-0"]
[Round "1"]
1.e4 c5
2.Ng1f3 g6
3.Bf1c4 e6
4.d4 cxd4
5.Qd1xd4 Ng8f6
6.e5 Nf6g8
7.Bc1g5 Ng8e7
8.Bg5f6 Nb8c6
9.Qd4e4 Rh8g8
10.Nf3g5 Bf8g7
11.Ng5xh7 Bg7xf6
12.Nh7xf6 Kf8
13.Nf6xg8 Ne7xg8
14.Nb1c3 d5
15.exd6 Qd8xd6
16.a3 Qd6d4
17.Qe4xd4 Nc6xd4
18.O-O-O e5
19.Nc3d5 Bc8e6
20.Rh1e1 b5
21.Re1xe5 bxc4
22.Rd1xd4 Ng8e7
23.Nd5c7 Ne7c6
24.Nc7xe6 fxe6
25.Rd4f4 Kg7
26.Re5xe6 Ra8d8
27.Re6xc6 Rd8e8
28.Rc6c7 { resign }
1-0

[Event "Tourn. n8914"]
[Site "www.chess-mail.com"]
[Date "2016.08.30"]
[Round "1"]
[White "Jhzes"]
[Black "Madz123456"]
[WhiteElo "1960"]
[BlackElo "1940"]
[Result "1-0"]
[Round "1"]
1.c4 e6
2.Ng1f3 d5
3.Nb1c3 Ng8f6
4.cxd5 exd5
5.e3 Bf8d6
6.Qd1c2 O-O
7.Bf1d3 c5
8.b3 Nb8c6
9.O-O d4
10.Nc3b5 Nc6b4
11.Qc2b1 Bc8g4
12.Nf3g5 Nb4xd3
13.Qb1xd3 Bd6xh2
14.Kxh2 dxe3
15.Qd3xd8  { time }
1-0

[Event "Tourn. n8904"]
[Site "www.chess-mail.com"]
[Date "2016.08.30"]
[Round "1"]
[White "Madz123456"]
[Black "Estonia"]
[WhiteElo "2020"]
[BlackElo "2050"]
[Result "0-1"]
[Round "1"]
1.e4 e5
2.Ng1f3 Nb8c6
3.d4 exd4
4.Nf3xd4 Bf8c5
5.Bc1e3 Bc5xd4
6.Be3xd4 Nc6xd4
7.Qd1xd4 Qd8g5
8.Nb1c3 Ng8e7
9.h4 Qg5h6
10.Ra1d1 Ne7c6
11.Qd4d3 d6
12.Nc3d5 O-O
13.Nd5xc7 Bc8e6
14.Nc7xa8 Rf8xa8
15.Qd3xd6 Ra8f8
16.Bf1b5 Be6g4
17.Qd6xh6 gxh6
18.f3 Bg4e6
 { time }
0-1

[Event "Tourn. n8828"]
[Site "www.chess-mail.com"]
[Date "2016.08.30"]
[Round "1"]
[White "Madz123456"]
[Black "Kampungboy"]
[WhiteElo "2240"]
[BlackElo "1970"]
[Result "0-1"]
[Round "1"]
1.e4 e5
2.Ng1f3 Nb8c6
3.Bf1b5 Nc6d4
4.Nf3xd4 exd4
5.O-O Bf8c5
6.d3 c6
7.Bb5c4 d5
8.Bc4b3 a5
9.a4 Ng8e7
10.f4 O-O
11.f5 f6
12.Bc1f4 Kh8
13.Nb1d2 b6
14.Rf1f3 Bc5d6
15.Bf4xd6 Qd8xd6
16.Rf3h3 Qd6b4
17.g4 g6
18.Kh1 Rf8g8
19.Nd2f3 gxf5
20.gxf5 Rg8g7
21.Qd1e2 Bc8d7
22.Qe2f2 Qb4d6
23.Rh3h6 Ne7g8
24.Rh6h4 Ng8e7
25.Nf3xd4 c5
26.Nd4e6 Bd7xe6
 { time }
0-1

[Event "Match"]
[Site "www.echecsemail.com"]
[Date "2016.08.30"]
[Round "1"]
[White "Johndyson"]
[Black "Sbb"]
[WhiteElo "2610"]
[BlackElo "2650"]
[Result "0-1"]
[Round "1"]
1.d4 Ng8f6
2.c4 g6
3.Nb1c3 d5
4.cxd5 Nf6xd5
5.e4 Nd5xc3
6.bxc3 Bf8g7
7.Ng1f3 c5
8.Bc1e3 Qd8a5
 { time }
0-1

[Event "Match"]
[Site "www.echecsemail.com"]
[Date "2016.08.30"]
[Round "1"]
[White "Janerol"]
[Black "Cal"]
[WhiteElo "1529"]
[BlackElo "1740"]
[Result "0-1"]
[Round "1"]
1.e4 e5
2.Ng1f3 d6
3.Nb1c3 a6
4.a4 Bc8g4
5.d3 c6
6.Bf1e2 h6
7.Nf3g1 Ng8f6
8.Be2xg4 Bf8e7
9.Bg4f5 O-O
10.Ng1f3 a5
11.d4 exd4
12.Qd1xd4 Nb8a6
13.h4 c5
14.Qd4d3 Na6b4
15.Qd3c4 Nb4xc2
16.Kd1 Nc2xa1
17.Qc4b5 b6
18.e5 dxe5
19.Ke1 Na1c2
20.Ke2 Nc2d4
21.Nf3xd4 exd4
22.Nc3a2 Qd8d6
23.Rh1d1 Qd6e5
24.Kf1 Qe5xf5
25.Qb5xb6 Qf5c2
26.Rd1d2 Qc2c4
27.Rd2e2 Qc4xa2
28.Re2xe7 Qa2b1
29.Re7e1 Qb1c2
30.f4 Nf6g4
31.Qb6b5 c4
32.f5 Qc2f2

0-1

[Event "Match"]
[Site "www.echecsemail.com"]
[Date "2016.08.30"]
[Round "1"]
[White "Ztornad"]
[Black "Canario"]
[WhiteElo "1790"]
[BlackElo "1840"]
[Result "1/2-1/2"]
[Round "1"]
1.e4 e5
2.Bf1c4 Ng8f6
3.Qd1f3 Nb8c6
4.Nb1c3 Bf8c5
5.Nc3d5 d6
6.h3 Bc8e6
7.Nd5xf6 Qd8xf6
8.Qf3xf6 gxf6
9.Bc4xe6 fxe6
10.d3 O-O-O
11.Bc1e3 Bc5xe3
12.fxe3 Rh8g8
13.g4 d5
14.O-O-O d4
15.Rd1e1 { draw }
1/2-1/2

[Event "Match"]
[Site "www.echecsemail.com"]
[Date "2016.08.30"]
[Round "1"]
[White "4m6az"]
[Black "Guidom"]
[WhiteElo "1809"]
[BlackElo "2020"]
[Result "1/2-1/2"]
[Round "1"]
1.e4 e5
2.Ng1f3 Nb8c6
3.Bf1b5 Bf8c5
4.Bb5xc6 dxc6
5.Nf3xe5 Qd8d4
6.Ne5d3 Qd4xe4
7.Qd1e2 Qe4xe2
8.Kxe2 Bc5b6
9.Nd3f4 Bc8d7
10.d3 Ng8f6
11.f3 O-O-O
12.Rh1e1 Nf6d5
13.Nf4h5 g6
14.Nh5f4 Nd5b4
15.Nb1a3 Bb6a5
16.c3 Nb4d5
17.Nf4xd5 cxd5
18.d4 c6
19.Kf1 Ba5c7
20.g3 Rh8e8
21.Bc1g5 Re8xe1
22.Ra1xe1 Rd8e8
23.c4 dxc4
24.Re1xe8 Bd7xe8
25.Na3xc4 f5
26.Nc4e5 c5
27.Bg5e3 cxd4
28.Be3xd4 Bc7xe5
29.Bd4xe5 Be8c6
30.Kg2 Kd7
31.h3 Ke6
32.Be5d4 a6
33.g4 fxg4
34.hxg4 h5
35.gxh5 gxh5
36.Kg3 Kf5
37.f4 Bc6e4
38.Bd4a7 Be4c6
39.a3 b5
{ draw }
1/2-1/2

[Event "1/128 Finale"]
[Site "www.chess-mail.com"]
[Date "2016.08.30"]
[Round "1"]
[White "Zeksky"]
[Black "Vasylpuzanov"]
[WhiteElo "1499"]
[BlackElo "2080"]
[Result "1-0"]
[Round "1"]
1.e4 d5
2.e5 Bc8f5
3.d4 e6
4.Ng1f3 c5
5.c3 Nb8c6
6.Bf1b5 cxd4
7.Bb5xc6 bxc6
8.cxd4 Bf8b4
9.Nb1c3 Ng8e7
10.Bc1g5 h6
11.Bg5xe7 Qd8xe7
12.a3 O-O
{ time. }
1-0

[Event "Tourn. n8896"]
[Site "www.chess-mail.com"]
[Date "2016.08.31"]
[Round "1"]
[White "Amaya"]
[Black "Awfen"]
[WhiteElo "2080"]
[BlackElo "1970"]
[Result "1-0"]
[Round "1"]
1.d4 d5
2.e3 Nb8c6
3.c3 Ng8f6
4.Bf1d3 Bc8g4
5.f3 Bg4d7
6.f4 e6
7.Nb1d2 Bf8e7
8.Ng1f3 O-O
9.O-O Nf6g4
10.Qd1e2 f5
11.Nf3e5 Nc6xe5
12.fxe5 Bd7e8
13.Nd2f3 Be8h5
14.Qe2e1 c5
15.h3 Ng4h6
16.b3 a6
17.a4 b6
18.Bc1d2 Nh6f7
19.g4 fxg4
20.hxg4 Bh5xg4
21.Qe1g3 Nf7h6
22.e4 g5
23.exd5 Qd8xd5
24.Nf3xg5 cxd4
25.Bd3e4 Qd5c5
26.Be4xa8 Rf8xa8
27.Ng5xe6 Qc5d5
28.Bd2xh6 Qd5xe6
29.Rf1f4 Qe6xh6
30.Rf4xg4 Kf7
31.Ra1f1 Ke6
32.cxd4 Qh6d2
33.Qg3f3 Ra8f8
34.Qf3c6 { resign }
1-0

[Event "Tourn. n8896"]
[Site "www.chess-mail.com"]
[Date "2016.08.31"]
[Round "1"]
[White "Awfen"]
[Black "Caspito"]
[WhiteElo "1970"]
[BlackElo "1880"]
[Result "1-0"]
[Round "1"]
1.e4 e5
2.Ng1f3 Nb8c6
3.Bf1c4 Qd8f6
4.Nb1c3 Bf8c5
5.O-O a6
6.d3 b5
7.Bc4b3 Bc8b7
8.Nc3d5 Qf6d6
9.c3 Nc6a5
10.Bb3c2 Bb7xd5
11.exd5 Ng8f6
12.b4 Bc5xb4
13.cxb4 Qd6xb4
14.a3 Qb4d6
15.Bc1d2 Na5b7
16.Bc2b3 O-O
17.Rf1e1 Rf8e8
18.Bd2c3 Nf6g4
19.h3 Ng4f6
20.Bc3xe5 Qd6b6
21.Be5xf6 Qb6xf6
22.Re1xe8 Ra8xe8
23.d4 d6
24.Qd1d2 Nb7c5
25.Ra1b1 Nc5d7
26.Kf1 Nd7b6
27.Qd2a5 Qf6g6
28.Rb1d1 h6
29.a4 Qg6f5
30.axb5 axb5
31.Qa5xb5 Re8e7
32.Qb5a5 Qf5e4
33.Kg1 g5
34.Rd1e1 Qe4d3
35.Re1xe7 Qd3b1
36.Kh2 Qb1xb3
37.Re7e8 Kg7
38.Re8b8 Nb6xd5
39.Rb8xb3 { resign }
1-0